| Поле | Название | Значение |
| |
Тип записи |
a |
| |
Библиографический уровень |
m |
| 001 |
Контрольный номер |
de63502ed57d41c39772bec5cbe3fb59 |
| 005 |
Дата корректировки |
20221223080033.2 |
| 010 |
Индекс ISBN |
__ |
| a |
ISBN |
978-5-4461-1702-4 |
| 010 |
Индекс ISBN |
__ |
| d |
Цена |
499-00 |
| 100 |
Данные общей обработки |
__ |
| a |
Данные общей обработки |
20221222d2021####m##y0rusy50######ca |
| 101 |
Язык документа |
0_ |
| a |
Язык текста |
rus |
| c |
Язык оригинала |
eng |
| 102 |
Страна публикации |
__ |
| a |
Страна публикации |
RU |
| 200 |
Заглавие и сведения об ответственности |
1_ |
| a |
Заглавие |
Разум или чувства. Что важнее, когда решил изменить жизнь к лучшему |
| f |
Первые сведения об ответственности |
А. Эллис, Р. А. Харпер |
| g |
Последующие сведения об ответственности |
[перевела с английского И. Береза] |
| g |
Последующие сведения об ответственности |
Ассоциация когнитивно-поведенческой психотерапии |
| 210 |
Выходные данные |
1_ |
| a |
Место издания |
Санкт-Петербург [и др.] |
| c |
Издательство |
Питер |
| d |
Дата издания |
2021 |
| 215 |
Физическое описание |
__ |
| a |
Объем |
349, [1] с. |
| 225 |
Серия (Журнальная рубрика) |
2_ |
| a |
Серия (Журнальная рубрика) |
Сам себе психолог |
| 300 |
Общие примечания |
__ |
| a |
Общие примечания |
На обложке и титульном листе: "Людей больше беспокоят не сами события, а то, как они воспринимают их" |
| 320 |
Библиография |
__ |
| a |
Библиография |
Об авторе: с. 348-350 |
| 330 |
Аннотация |
__ |
| a |
Аннотация |
Книга о дисциплине мышления, понимании своих желаний и умению идти вперед. |
| 333 |
Примечание о целевом назначении |
__ |
| a |
Примечание о целевом назначении |
16+ |
| 517 |
Другие варианты заглавия |
1_ |
| a |
Другие варианты заглавия |
Что важнее, когда решил изменить жизнь к лучшему |
| 606 |
Тематические рубрики |
__ |
| a |
Основная рубрика |
Психология |
| 606 |
Тематические рубрики |
__ |
| a |
Основная рубрика |
Психология личности |
| 610 |
Ключевые слова |
1_ |
| a |
Ключевые слова |
уверенность в себе (психология) |
| a |
Ключевые слова |
эмоции |
| a |
Ключевые слова |
самоконтроль (психология) |
| a |
Ключевые слова |
психогигиена |
| a |
Ключевые слова |
отрицательные эмоции |
| a |
Ключевые слова |
самосовершенствование |
| a |
Ключевые слова |
поведенческая терапия |
| a |
Ключевые слова |
саморегуляция поведения |
| a |
Ключевые слова |
самодисциплина |
| a |
Ключевые слова |
управление поведением |
| a |
Ключевые слова |
мысли |
| a |
Ключевые слова |
эмоции (психология) |
| a |
Ключевые слова |
тревога (психология) |
| a |
Ключевые слова |
паника (психология) |
| a |
Ключевые слова |
неприятности |
| 686 |
Индексы других классификаций |
__ |
| a |
Индекс ББК |
88.3 |
| 700 |
Автор |
_1 |
| a |
Фамилия |
Эллис |
| b |
Имя |
А. |
| g |
Полное личное имя |
Альберт |
| 4 |
Код отношения |
070 |
| 701 |
Альтернативная интеллектуальная ответственность (другие авторы) |
_1 |
| a |
Фамилия |
Харпер |
| b |
Имя |
Р. А. |
| g |
Полное личное имя |
Роберт А. |
| 702 |
Вторичная интеллектуальная ответственность |
_1 |
| a |
Фамилия |
Береза |
| b |
Имя |
И. |
| 801 |
Источник записи |
_0 |
| b |
Организация |
Центральная районная библиотека им. Г. А. Пирожникова |
| a |
Страна |
RU |
| c |
Дата составления |
20221220 |
| g |
Правила каталогизации |
bzbo |
| 801 |
Источник записи |
_1 |
| b |
Организация |
Центральная районная библиотека им. Г. А. Пирожникова |
| a |
Страна |
RU |
| c |
Дата составления |
20221220 |
| g |
Правила каталогизации |
bzbo |
| 852 |
Данные о местонахождении |
__ |
| j |
Шифр хранения |
88.3 |
| i |
Авторский знак |
Э 475 |
| 901 |
Тип документа |
__ |
| t |
Тип документа |
m |
| 902 |
Роль лиц |
__ |
| a |
Создатель БЗ |
ОКиО/Колмакова |